Aasian puhutuimmat kielet kartalla - Statistics

Yleistilastot
  • Tätä visaa on pelattu 651 kertaa
  • Keskiarvotulos 17 / 46
Vastaukset kartalla
Vastauksille on annettu kartalla punavihreä väri sen mukaan, kuinka moni on saanut sen oikein.
 
Vastaustilastot
Puhujia
Kieli % Oikein
128 milj. Japani
97%
310 milj. Arabia
94%
77,3 milj. Korea
93%
918 milj. Mandariinikiina
93%
154 milj. Venäjä
92%
79,4 milj. Turkki
91%
528 milj. Hindi
86%
56,0 milj. Thai
83%
77,0 milj. Malaiji/Indonesia
69%
76,0 milj. Vietnam
65%
70,0 milj. Persia
61%
73,1 milj. Kantoninkiina
53%
228 milj. Bengali
48%
12,9 milj. Kazakki
46%
21,0 milj. Kurdi
43%
23,6 milj. Tagalog
42%
32,9 milj. Burma
41%
23,0 milj. Azeri
37%
68,6 milj. Urdu
37%
40,0 milj. Paštu
35%
27,0 milj. Uzbekki
35%
75,0 milj. Tamili
34%
98,0 milj. Jaava
33%
81,4 milj. Wu-kiina
33%
16,6 milj. Khmer
31%
15,8 milj. Nepali
26%
125 milj. Pandžabi
22%
10,4 milj. Uiguuri
22%
82,0 milj. Telugu
16%
83,1 milj. Marathi
14%
48,2 milj. Hakka-kiina
13%
15,3 milj. Sinhali
13%
43,6 milj. Kannada
12%
11,0 milj. Minbei
12%
56,4 milj. Gudžarati
11%
37,1 milj. Malajalam
10%
24,6 milj. Sindhi
9%
15,9 milj. Cebuano
8%
37,3 milj. Xiang-kiina
8%
15,3 milj. Assami
7%
33,9 milj. Maithili
7%
50,1 milj. Minnan
7%
40,0 milj. Sunda
7%
22,1 milj. Gan-kiina
6%
34,5 milj. Orija
6%
12,8 milj. Deccani
4%
Ehtoja vastaavia visoja ei löytynyt
Tulosjakauma
Jokaisen tuloksen saaneiden osuus
Persentiili vastausten määrän mukaan
Tuloshistoriasi
Et ole pelannut tätä visaa